|
|
|
|
| LEADER |
01263nam a2200325 a 4500 |
| 001 |
28813 |
| 003 |
BD-DhAAL |
| 005 |
20150111113804.0 |
| 008 |
150111r19951984nyu 000 1 eng |
| 010 |
|
|
|a 95014134
|
| 020 |
|
|
|a 0452274834
|
| 040 |
|
|
|a DLC
|c DLC
|d OCoLC
|d DLC
|d BD-DhAAL
|
| 041 |
|
|
|a eng
|
| 043 |
|
|
|a nwjm---
|
| 050 |
0 |
0 |
|a PR9265.9.C55
|b A63 1995
|
| 082 |
0 |
0 |
|a 813
|2 20
|
| 100 |
1 |
|
|a Cliff, Michelle.
|9 7321
|
| 245 |
1 |
0 |
|a Abeng /
|c Michelle Cliff.
|
| 260 |
|
|
|a New York :
|b Plume,
|c 1995.
|
| 300 |
|
|
|a 167 p. ;
|c 21 cm.
|
| 541 |
|
|
|e 28813
|
| 650 |
|
0 |
|a Women
|z Jamaica
|v Fiction.
|9 7322
|
| 651 |
|
0 |
|a Jamaica
|x History
|y Maroon War, 1795-1796
|v Fiction.
|9 7323
|
| 655 |
|
7 |
|a Historical fiction.
|2 gsafd
|9 5668
|
| 655 |
|
7 |
|a Bildungsromane.
|2 gsafd
|9 5804
|
| 856 |
4 |
2 |
|3 Contributor biographical information
|u http://www.loc.gov/catdir/enhancements/fy0827/95014134-b.html
|
| 856 |
4 |
2 |
|3 Publisher description
|u http://www.loc.gov/catdir/enhancements/fy0827/95014134-d.html
|
| 942 |
|
|
|2 ddc
|c BK
|
| 999 |
|
|
|c 33452
|d 33452
|
| 952 |
|
|
|0 0
|1 0
|2 ddc
|4 0
|6 813_000000000000000_CLI
|7 0
|9 44713
|a BRACUL
|b BRACUL
|c GEN
|d 2015-01-11
|e BRAC Institute of Language (BIL)
|l 1
|m 25
|o 813 CLI
|p 3010028813
|r 2023-05-31
|s 2022-11-20
|t 1
|w 2015-01-11
|y BK
|x Transferred from BIL to BRACUL on 06/06/22
|